000 00716cam a22001814a 4500
005 20250605163350.0
008 250528s ||||||||||||||||||||||||d
035 _a17679
020 _a9786188095557
040 _aGR-AtMCL
_bgre
_dGR-AtMCL
_eAACR2
245 1 _aΜάθετε το Skype / και άλλα προγράμματα επικοινωνίας
260 _bDigerati,
_c2014
300 _a98
520 _aΟ νέος Μοντέρνος τρόπος επικοινωνίας για όλους. Skype - Τα Πρώτα Βήματα, Βασικές Λειτουργίες, Το Skype σε Φορητές Συσκευές, Viber, Kik Messenger, Oovoo.
942 _cBK
999 _c3081
_d3081